|
|
|
|
| LEADER |
00000cam a2200000 7i4500 |
| 001 |
0000004071 |
| 002 |
000004382 |
| 005 |
20080303.0 |
| 020 |
|
|
|a 0891413685
|
| 090 |
0 |
0 |
|a 959.7143
|b NOL
|
| 100 |
1 |
|
|a Nolan, Keith William
|
| 245 |
1 |
0 |
|a Into Cambodia :
|b spring campaign,summer Offensive 1970
|c Keith William Nolan
|
| 260 |
|
|
|a Novato,CA :
|b Presidio Press ,
|c 1990
|
| 300 |
|
|
|a 467p. ;
|c 22cm.
|
| 650 |
0 |
0 |
|a Vietnamese conflict, 1961-1975
|x Campaigns
|z Cambodia
|
| 999 |
|
|
|a 033397
|b BUKU
|c PINJAMAN
|e PERPUSTAKAAN KOMUNITI CAW KOTA DAMANSARA
|
| 999 |
|
|
|a 044294
|b BUKU
|c PINJAMAN
|e PERPUSTAKAAN KOMUNITI PETALING JAYA
|